[Event "ODJM B 2025"]
[Site "Willingen GER"]
[Date "2025.06.09"]
[Round "3"]
[White "Schiewe, Nadin"]
[Black "Ensslen, Jakob"]
[Result "0-1"]
[Termination "normal"]
[Board "24"]
[WhiteElo "1764"]
[BlackElo "1682"]
[WhiteClock "00:01:30"]
[BlackClock "00:12:23"]
[PlyCount "52"]
[WhiteFideId "16209079"]
[BlackFideId "34640258"]
[EventCountry "GER"]
[EventRounds "9"]
[EventType "swiss"]
[EventDate "2025.06.07"]

1. d4 {[%clk 01:30:57]} {[%emt 00:00:03]} d5 {[%clk 01:30:56]} {[%emt
00:00:05]} 2. Nf3 {[%clk 01:31:21]} {[%emt 00:00:06]} e6 {[%clk 01:31:17]}
{[%emt 00:00:09]} 3. e3 {[%clk 01:31:45]} {[%emt 00:00:07]} c5 {[%clk
01:31:40]} {[%emt 00:00:06]} 4. c3 {[%clk 01:32:09]} {[%emt 00:00:06]} Nc6
{[%clk 01:31:44]} {[%emt 00:00:26]} 5. Bd3 {[%clk 01:32:26]} {[%emt 00:00:13]}
Nf6 {[%clk 01:31:55]} {[%emt 00:00:19]} 6. Nbd2 {[%clk 01:31:16]} {[%emt
00:01:40]} Bd6 {[%clk 01:26:57]} {[%emt 00:05:28]} 7. O-O {[%clk 01:31:10]}
{[%emt 00:00:36]} O-O {[%clk 01:23:59]} {[%emt 00:03:28]} 8. Qe2 {[%clk
01:29:21]} {[%emt 00:02:19]} e5 {[%clk 01:19:19]} {[%emt 00:05:10]} 9. dxc5
{[%clk 01:19:36]} {[%emt 00:10:15]} Bxc5 {[%clk 01:18:47]} {[%emt 00:01:02]}
10. e4 {[%clk 01:18:26]} {[%emt 00:01:39]} Bg4 {[%clk 01:10:37]} {[%emt
00:08:41]} 11. exd5 {[%clk 01:11:24]} {[%emt 00:07:33]} Nxd5 {[%clk 01:05:06]}
{[%emt 00:06:00]} 12. Nb3 {[%clk 01:06:22]} {[%emt 00:05:32]} Bb6 {[%clk
00:59:21]} {[%emt 00:06:15]} 13. Rd1 {[%clk 00:51:01]} {[%emt 00:15:49]} Qe7
{[%clk 00:50:36]} {[%emt 00:09:16]} 14. Bxh7+ {[%clk 00:44:28]} {[%emt
00:07:03]} Kxh7 {[%clk 00:48:36]} {[%emt 00:02:31]} 15. Qe4+ {[%clk 00:44:09]}
{[%emt 00:00:49]} f5 {[%clk 00:45:17]} {[%emt 00:03:49]} 16. Ng5+ {[%clk
00:23:34]} {[%emt 00:21:04]} Kh8 {[%clk 00:37:40]} {[%emt 00:08:07]} 17. Qd3
{[%clk 00:21:48]} {[%emt 00:02:16]} Rad8 {[%clk 00:34:28]} {[%emt 00:03:42]}
18. Qc4 {[%clk 00:16:46]} {[%emt 00:05:32]} Nxc3 {[%clk 00:24:53]} {[%emt
00:10:05]} 19. Re1 {[%clk 00:07:30]} {[%emt 00:09:46]} Ne4 {[%clk 00:21:21]}
{[%emt 00:04:03]} 20. Kf1 {[%clk 00:03:18]} {[%emt 00:04:42]} Nxg5 {[%clk
00:18:38]} {[%emt 00:03:12]} 21. h3 {[%clk 00:02:20]} {[%emt 00:01:28]} Nxh3
{[%clk 00:16:23]} {[%emt 00:02:45]} 22. gxh3 {[%clk 00:02:12]} {[%emt
00:00:39]} Bxh3+ {[%clk 00:16:06]} {[%emt 00:00:47]} 23. Kg1 {[%clk 00:01:42]}
{[%emt 00:00:59]} Nd4 {[%clk 00:14:57]} {[%emt 00:01:38]} 24. Re3 {[%clk
00:01:02]} {[%emt 00:01:12]} Qg5+ {[%clk 00:12:23]} {[%emt 00:03:04]} 25. Rg3
{[%clk 00:01:06]} {[%emt 00:00:25]} Nf3+ {[%clk 00:12:15]} {[%emt 00:00:38]}
26. Kh1 {[%clk 00:01:30]} {[%emt 00:00:07]} Rd1+ {[%clk 00:12:23]} {[%emt
00:00:22]} 0-1

[Event "ODJM B 2025"]
[Site "Willingen GER"]
[Date "2025.06.09"]
[Round "3"]
[White "Geschke, David"]
[Black "Sauer, Ben"]
[Result "1-0"]
[Termination "normal"]
[Board "25"]
[WhiteElo "1824"]
[BlackElo "1675"]
[WhiteClock "00:27:00"]
[BlackClock "00:24:53"]
[PlyCount "89"]
[WhiteFideId "34619658"]
[BlackFideId "34606866"]
[EventCountry "GER"]
[EventRounds "9"]
[EventType "swiss"]
[EventDate "2025.06.07"]

1. d4 {[%clk 01:30:56]} {[%emt 00:00:04]} Nf6 {[%clk 01:30:46]} {[%emt
00:00:15]} 2. c4 {[%clk 01:31:22]} {[%emt 00:00:03]} e6 {[%clk 01:31:09]}
{[%emt 00:00:08]} 3. Nc3 {[%clk 01:31:44]} {[%emt 00:00:07]} Bb4 {[%clk
01:31:20]} {[%emt 00:00:20]} 4. Nf3 {[%clk 01:31:23]} {[%emt 00:00:51]} b6
{[%clk 01:30:59]} {[%emt 00:00:51]} 5. Bg5 {[%clk 01:30:24]} {[%emt 00:01:28]}
h6 {[%clk 01:30:32]} {[%emt 00:00:58]} 6. Bxf6 {[%clk 01:30:38]} {[%emt
00:00:15]} Qxf6 {[%clk 01:29:35]} {[%emt 00:01:28]} 7. e3 {[%clk 01:26:05]}
{[%emt 00:05:02]} Bb7 {[%clk 01:25:14]} {[%emt 00:04:51]} 8. Be2 {[%clk
01:25:53]} {[%emt 00:00:42]} O-O {[%clk 01:24:31]} {[%emt 00:01:14]} 9. O-O
{[%clk 01:26:05]} {[%emt 00:00:17]} Bxc3 {[%clk 01:24:15]} {[%emt 00:00:47]}
10. bxc3 {[%clk 01:26:33]} {[%emt 00:00:02]} d6 {[%clk 01:20:55]} {[%emt
00:03:50]} 11. Nd2 {[%clk 01:23:14]} {[%emt 00:03:48]} Nd7 {[%clk 01:16:51]}
{[%emt 00:04:35]} 12. Qc2 {[%clk 01:17:38]} {[%emt 00:06:04]} Rfe8 {[%clk
01:11:56]} {[%emt 00:05:27]} 13. Ne4 {[%clk 01:15:26]} {[%emt 00:02:40]} Qe7
{[%clk 01:07:02]} {[%emt 00:05:27]} 14. Bf3 {[%clk 01:14:45]} {[%emt 00:01:09]}
Rab8 {[%clk 00:58:43]} {[%emt 00:08:50]} 15. Rfe1 {[%clk 01:04:28]} {[%emt
00:10:46]} e5 {[%clk 00:46:49]} {[%emt 00:12:25]} 16. Nd2 {[%clk 00:56:43]}
{[%emt 00:08:15]} Bxf3 {[%clk 00:39:56]} {[%emt 00:07:24]} 17. Nxf3 {[%clk
00:56:23]} {[%emt 00:00:49]} a5 {[%clk 00:36:52]} {[%emt 00:03:35]} 18. e4
{[%clk 00:52:24]} {[%emt 00:04:29]} Rbd8 {[%clk 00:31:37]} {[%emt 00:05:44]}
19. Re2 {[%clk 00:47:58]} {[%emt 00:04:53]} Nf6 {[%clk 00:27:08]} {[%emt
00:05:02]} 20. Rae1 {[%clk 00:47:13]} {[%emt 00:01:15]} Rd7 {[%clk 00:25:22]}
{[%emt 00:02:17]} 21. Nh4 {[%clk 00:44:21]} {[%emt 00:03:21]} g6 {[%clk
00:19:00]} {[%emt 00:06:52]} 22. g3 {[%clk 00:40:31]} {[%emt 00:04:19]} Nh5
{[%clk 00:14:33]} {[%emt 00:04:57]} 23. Ng2 {[%clk 00:38:01]} {[%emt 00:02:58]}
Qf6 {[%clk 00:11:34]} {[%emt 00:03:31]} 24. Ne3 {[%clk 00:35:35]} {[%emt
00:02:57]} Qg7 {[%clk 00:07:52]} {[%emt 00:04:12]} 25. Rd1 {[%clk 00:27:26]}
{[%emt 00:08:39]} f6 {[%clk 00:03:36]} {[%emt 00:04:46]} 26. Nd5 {[%clk
00:25:54]} {[%emt 00:02:01]} g5 {[%clk 00:01:12]} {[%emt 00:02:55]} 27. f3
{[%clk 00:21:05]} {[%emt 00:05:17]} Kh8 {[%clk 00:00:41]} {[%emt 00:01:03]} 28.
Qa4 {[%clk 00:19:33]} {[%emt 00:02:02]} Qf7 {[%clk 00:00:33]} {[%emt 00:00:37]}
29. Rb1 {[%clk 00:15:57]} {[%emt 00:04:07]} Rdd8 {[%clk 00:00:34]} {[%emt
00:00:30]} 30. Reb2 {[%clk 00:13:34]} {[%emt 00:02:52]} Ng7 {[%clk 00:00:33]}
{[%emt 00:00:31]} 31. c5 {[%clk 00:10:04]} {[%emt 00:04:00]} dxc5 {[%clk
00:00:35]} {[%emt 00:00:28]} 32. dxc5 {[%clk 00:09:42]} {[%emt 00:00:52]} bxc5
{[%clk 00:00:49]} {[%emt 00:00:16]} 33. Rb7 {[%clk 00:09:08]} {[%emt 00:01:05]}
Ne6 {[%clk 00:00:40]} {[%emt 00:00:38]} 34. Qxa5 {[%clk 00:04:42]} {[%emt
00:04:56]} Rc8 {[%clk 00:00:31]} {[%emt 00:00:39]} 35. Ra7 {[%clk 00:04:25]}
{[%emt 00:00:47]} Red8 {[%clk 00:00:32]} {[%emt 00:00:29]} 36. Rbb7 {[%clk
00:03:46]} {[%emt 00:01:08]} Rd7 {[%clk 00:00:31]} {[%emt 00:00:31]} 37. Qb5
{[%clk 00:03:27]} {[%emt 00:00:49]} Kg8 {[%clk 00:00:33]} {[%emt 00:00:29]} 38.
Nxf6+ {[%clk 00:03:08]} {[%emt 00:00:49]} Qxf6 {[%clk 00:00:49]} {[%emt
00:00:14]} 39. Qxd7 {[%clk 00:03:11]} {[%emt 00:00:27]} Rd8 {[%clk 00:00:56]}
{[%emt 00:00:23]} 40. Qc6 {[%clk 00:00:39]} {[%emt 00:03:01]} Qxf3 {[%clk
00:00:31]} 41. Qxe6+ {[%clk 00:29:56]} {[%emt 00:02:08]} Kf8 {[%clk 00:27:58]}
{[%emt 00:03:04]} 42. Qxh6+ {[%clk 00:28:38]} {[%emt 00:01:47]} Ke8 {[%clk
00:25:43]} {[%emt 00:02:46]} 43. Qh8+ {[%clk 00:27:18]} {[%emt 00:01:48]} Ke7
{[%clk 00:25:27]} {[%emt 00:00:48]} 44. Rxc7+ {[%clk 00:26:48]} {[%emt
00:01:00]} Kd6 {[%clk 00:24:53]} {[%emt 00:01:03]} 45. Qh6+ {[%clk 00:27:00]}
{[%emt 00:00:17]} 1-0

[Event "ODJM B 2025"]
[Site "Willingen GER"]
[Date "2025.06.09"]
[Round "3"]
[White "Huber, Ben"]
[Black "Wilmink, Luca"]
[Result "1/2-1/2"]
[Termination "normal"]
[Board "26"]
[WhiteElo "1711"]
[BlackElo "1779"]
[WhiteClock "00:34:20"]
[BlackClock "00:14:12"]
[PlyCount "92"]
[WhiteFideId "34677062"]
[BlackFideId "16245253"]
[EventCountry "GER"]
[EventRounds "9"]
[EventType "swiss"]
[EventDate "2025.06.07"]

1. e4 {[%clk 01:30:58]} {[%emt 00:00:02]} c5 {[%clk 01:30:53]} {[%emt
00:00:08]} 2. c3 {[%clk 01:31:24]} {[%emt 00:00:03]} d5 {[%clk 01:31:03]}
{[%emt 00:00:19]} 3. exd5 {[%clk 01:31:51]} {[%emt 00:00:04]} Qxd5 {[%clk
01:31:23]} {[%emt 00:00:10]} 4. Nf3 {[%clk 01:32:17]} {[%emt 00:00:05]} Nf6
{[%clk 01:30:05]} {[%emt 00:01:47]} 5. Na3 {[%clk 01:32:42]} {[%emt 00:00:05]}
e6 {[%clk 01:29:35]} {[%emt 00:01:01]} 6. Bc4 {[%clk 01:32:48]} {[%emt
00:00:24]} Qd8 {[%clk 01:29:36]} {[%emt 00:00:28]} 7. O-O {[%clk 01:32:33]}
{[%emt 00:00:45]} a6 {[%clk 01:24:29]} {[%emt 00:05:37]} 8. Re1 {[%clk
01:31:45]} {[%emt 00:01:17]} Be7 {[%clk 01:24:21]} {[%emt 00:00:38]} 9. Nc2
{[%clk 01:31:13]} {[%emt 00:01:03]} b5 {[%clk 01:23:23]} {[%emt 00:01:28]} 10.
Bf1 {[%clk 01:31:38]} {[%emt 00:00:05]} O-O {[%clk 01:23:33]} {[%emt 00:00:21]}
11. d4 {[%clk 01:31:01]} {[%emt 00:01:07]} Qc7 {[%clk 01:18:29]} {[%emt
00:05:34]} 12. Bg5 {[%clk 01:27:01]} {[%emt 00:04:29]} Bb7 {[%clk 01:16:32]}
{[%emt 00:02:27]} 13. Bh4 {[%clk 01:25:37]} {[%emt 00:01:55]} Nbd7 {[%emt
00:06:10]} 14. Ne5 {[%clk 01:12:35]} {[%emt 00:11:48]} Rfd8 {[%clk 01:05:29]}
{[%emt 00:07:35]} 15. Qe2 {[%clk 01:09:58]} {[%emt 00:03:07]} Rac8 {[%clk
00:56:37]} {[%emt 00:09:23]} 16. f4 {[%clk 01:05:37]} {[%emt 00:04:51]} Nf8
{[%clk 00:52:17]} {[%emt 00:04:49]} 17. Rac1 {[%clk 00:56:02]} {[%emt
00:10:05]} Ng6 {[%clk 00:51:07]} {[%emt 00:01:41]} 18. Bxf6 {[%clk 00:55:56]}
{[%emt 00:00:36]} Bxf6 {[%clk 00:49:56]} {[%emt 00:01:41]} 19. f5 {[%clk
00:56:05]} {[%emt 00:00:21]} exf5 {[%clk 00:46:42]} {[%emt 00:03:43]} 20. Ne3
{[%clk 00:53:00]} {[%emt 00:03:36]} Bxe5 {[%clk 00:43:30]} {[%emt 00:03:42]}
21. dxe5 {[%clk 00:53:22]} {[%emt 00:00:08]} Qxe5 {[%clk 00:43:33]} {[%emt
00:00:27]} 22. Qh5 {[%clk 00:49:10]} {[%emt 00:04:41]} f4 {[%clk 00:37:25]}
{[%emt 00:06:39]} 23. Qxe5 {[%clk 00:49:22]} {[%emt 00:00:19]} Nxe5 {[%clk
00:37:45]} {[%emt 00:00:09]} 24. Nf5 {[%clk 00:49:47]} {[%emt 00:00:05]} Ng6
{[%clk 00:36:28]} {[%emt 00:01:47]} 25. Ne7+ {[%clk 00:48:00]} {[%emt
00:02:17]} Nxe7 {[%emt 00:00:08]} 26. Rxe7 {[%clk 00:48:24]} Bd5 {[%clk
00:34:22]} {[%emt 00:03:03]} 27. a4 {[%clk 00:47:46]} {[%emt 00:01:09]} c4
{[%clk 00:33:50]} {[%emt 00:01:02]} 28. axb5 {[%clk 00:46:15]} {[%emt
00:02:01]} axb5 {[%clk 00:32:59]} {[%emt 00:01:21]} 29. Rd1 {[%clk 00:44:00]}
{[%emt 00:02:45]} g6 {[%clk 00:32:10]} {[%emt 00:01:19]} 30. Rd4 {[%clk
00:42:56]} {[%emt 00:01:34]} f3 {[%clk 00:31:27]} {[%emt 00:01:12]} 31. gxf3
{[%clk 00:40:22]} {[%emt 00:03:05]} Bxf3 {[%clk 00:31:46]} {[%emt 00:00:11]}
32. Rf4 {[%clk 00:40:49]} {[%emt 00:00:03]} Bd5 {[%clk 00:31:35]} {[%emt
00:00:41]} 33. Bg2 {[%clk 00:41:14]} {[%emt 00:00:04]} Bxg2 {[%clk 00:31:22]}
{[%emt 00:00:44]} 34. Rfxf7 {[%clk 00:41:32]} {[%emt 00:00:12]} Bd5 {[%clk
00:30:37]} {[%emt 00:01:15]} 35. Rxh7 {[%clk 00:41:21]} {[%emt 00:00:41]} Kf8
{[%clk 00:28:52]} {[%emt 00:02:15]} 36. Ra7 {[%clk 00:40:07]} {[%emt 00:01:44]}
Bg8 {[%clk 00:28:47]} {[%emt 00:00:34]} 37. Rhg7 {[%clk 00:40:13]} {[%emt
00:00:24]} Rd1+ {[%clk 00:23:12]} {[%emt 00:06:05]} 38. Kf2 {[%clk 00:40:23]}
{[%emt 00:00:20]} Rd2+ {[%clk 00:23:31]} {[%emt 00:00:11]} 39. Kg3 {[%clk
00:39:27]} {[%emt 00:01:26]} Rxb2 {[%clk 00:23:50]} {[%emt 00:00:11]} 40. Rxg6
{[%clk 00:39:47]} {[%emt 00:00:10]} Re2 {[%clk 00:16:56]} {[%emt 00:07:25]} 41.
Rf6+ {[%clk 00:38:56]} {[%emt 00:01:21]} Ke8 {[%clk 00:17:08]} {[%emt
00:00:17]} 42. Rg6 {[%clk 00:37:58]} {[%emt 00:01:28]} Bf7 {[%clk 00:14:24]}
{[%emt 00:03:14]} 43. Rh6 {[%clk 00:37:36]} {[%emt 00:00:52]} Kf8 {[%clk
00:14:26]} {[%emt 00:00:28]} 44. Rh8+ {[%clk 00:34:53]} {[%emt 00:03:13]} Bg8
{[%clk 00:14:44]} {[%emt 00:00:12]} 45. Kf3 {[%clk 00:34:05]} {[%emt 00:01:18]}
Re7 {[%clk 00:14:49]} {[%emt 00:00:26]} 46. Rxg8+ {[%clk 00:34:20]} {[%emt
00:00:15]} Kxg8 {[%clk 00:14:12]} {[%emt 00:01:07]} 1/2-1/2

[Event "ODJM B 2025"]
[Site "Willingen GER"]
[Date "2025.06.09"]
[Round "3"]
[White "Maraun, Lias"]
[Black "Kutz, Paul Matti"]
[Result "1-0"]
[Termination "normal"]
[Board "27"]
[WhiteElo "1763"]
[BlackElo "1838"]
[WhiteClock "00:35:44"]
[BlackClock "01:03:10"]
[PlyCount "61"]
[WhiteFideId "533017441"]
[BlackFideId "16296265"]
[EventCountry "GER"]
[EventRounds "9"]
[EventType "swiss"]
[EventDate "2025.06.07"]

1. e4 {[%clk 01:30:41]} {[%emt 00:00:18]} c5 {[%clk 01:30:43]} {[%emt
00:00:18]} 2. Nf3 {[%clk 01:31:02]} {[%emt 00:00:08]} Nc6 {[%clk 01:31:04]}
{[%emt 00:00:09]} 3. Bb5 {[%clk 01:31:05]} {[%emt 00:00:27]} e6 {[%clk
01:30:55]} {[%emt 00:00:40]} 4. O-O {[%clk 01:31:20]} {[%emt 00:00:14]} d5
{[%clk 01:29:11]} {[%emt 00:02:14]} 5. exd5 {[%clk 01:29:41]} {[%emt 00:02:10]}
exd5 {[%clk 01:29:15]} {[%emt 00:00:26]} 6. d4 {[%clk 01:27:13]} {[%emt
00:02:58]} Nf6 {[%clk 01:27:31]} {[%emt 00:02:14]} 7. Bg5 {[%clk 01:20:18]}
{[%emt 00:07:24]} a6 {[%clk 01:25:55]} {[%emt 00:02:07]} 8. Bxc6+ {[%clk
01:20:08]} {[%emt 00:00:39]} bxc6 {[%clk 01:26:16]} {[%emt 00:00:10]} 9. Ne5
{[%clk 01:16:41]} {[%emt 00:03:57]} Bb7 {[%clk 01:24:30]} {[%emt 00:02:16]} 10.
Re1 {[%clk 01:16:25]} {[%emt 00:00:45]} Be7 {[%clk 01:23:30]} {[%emt 00:01:30]}
11. Bxf6 {[%clk 01:15:45]} {[%emt 00:01:10]} gxf6 {[%clk 01:23:52]} {[%emt
00:00:08]} 12. Ng4 {[%clk 01:15:11]} {[%emt 00:01:04]} f5 {[%clk 01:20:00]}
{[%emt 00:04:22]} 13. Nh6 {[%clk 01:10:53]} {[%emt 00:04:48]} Bc8 {[%clk
01:14:11]} {[%emt 00:06:20]} 14. Qh5 {[%clk 01:09:34]} {[%emt 00:01:48]} Rf8
{[%clk 01:13:50]} {[%emt 00:00:51]} 15. Nd2 {[%clk 00:57:33]} {[%emt 00:12:32]}
Qd6 {[%clk 01:07:56]} {[%emt 00:06:23]} 16. Re5 {[%clk 00:54:49]} {[%emt
00:03:14]} cxd4 {[%clk 01:06:32]} {[%emt 00:01:54]} 17. Rae1 {[%clk 00:54:11]}
{[%emt 00:01:08]} Ra7 {[%clk 01:06:16]} {[%emt 00:00:46]} 18. Nxf5 {[%clk
00:49:37]} {[%emt 00:05:04]} Bxf5 {[%clk 01:04:43]} {[%emt 00:02:04]} 19. Qxf5
{[%clk 00:49:59]} {[%emt 00:00:08]} f6 {[%clk 01:03:49]} {[%emt 00:01:24]} 20.
Re6 {[%clk 00:49:42]} {[%emt 00:00:47]} Qb4 {[%clk 01:02:16]} {[%emt 00:02:00]}
21. Rxc6 {[%emt 00:07:51]} Rd7 {[%clk 01:02:15]} 22. Rc8+ {[%clk 00:38:26]}
{[%emt 00:04:59]} Rd8 {[%clk 01:02:31]} {[%emt 00:00:13]} 23. Rxd8+ {[%clk
00:38:48]} {[%emt 00:00:09]} Kxd8 {[%clk 01:02:54]} {[%emt 00:00:07]} 24. Qxd5+
{[%clk 00:39:03]} {[%emt 00:00:15]} Ke8 {[%clk 01:02:36]} {[%emt 00:00:48]} 25.
Qe6 {[%clk 00:38:37]} {[%emt 00:00:55]} Kd8 {[%clk 01:02:48]} {[%emt 00:00:19]}
26. Nc4 {[%clk 00:37:37]} {[%emt 00:01:30]} Bc5 {[%clk 01:02:38]} {[%emt
00:00:40]} 27. Qd5+ {[%clk 00:36:20]} {[%emt 00:01:47]} Kc7 {[%clk 01:02:51]}
{[%emt 00:00:17]} 28. Re6 {[%clk 00:36:14]} {[%emt 00:00:36]} Rd8 {[%clk
01:02:29]} {[%emt 00:00:52]} 29. Rc6+ {[%clk 00:35:11]} {[%emt 00:01:32]} Kb7
{[%clk 01:02:49]} {[%emt 00:00:11]} 30. Rb6+ {[%clk 00:35:22]} {[%emt
00:00:19]} Ka7 {[%clk 01:03:10]} {[%emt 00:00:08]} 31. Qb7# {[%clk 00:35:44]}
{[%emt 00:00:09]} 1-0

[Event "ODJM B 2025"]
[Site "Willingen GER"]
[Date "2025.06.09"]
[Round "3"]
[White "Stülcken, Philipp"]
[Black "Fize, Aleksandrs"]
[Result "1/2-1/2"]
[Termination "normal"]
[Board "28"]
[WhiteElo "1780"]
[BlackElo "1712"]
[WhiteClock "00:09:37"]
[BlackClock "00:23:29"]
[PlyCount "53"]
[WhiteFideId "12986232"]
[BlackFideId "34623779"]
[EventCountry "GER"]
[EventRounds "9"]
[EventType "swiss"]
[EventDate "2025.06.07"]

1. e4 {[%clk 01:30:56]} {[%emt 00:00:04]} c5 {[%clk 01:30:54]} {[%emt
00:00:06]} 2. Nf3 {[%clk 01:31:20]} {[%emt 00:00:05]} e6 {[%clk 01:31:19]}
{[%emt 00:00:06]} 3. c4 {[%clk 01:31:39]} {[%emt 00:00:11]} Nc6 {[%clk
01:31:32]} {[%emt 00:00:18]} 4. d4 {[%clk 01:30:55]} {[%emt 00:01:13]} cxd4
{[%clk 01:31:46]} {[%emt 00:00:16]} 5. Nxd4 {[%clk 01:31:19]} {[%emt 00:00:07]}
Nf6 {[%clk 01:29:37]} {[%emt 00:02:39]} 6. Nc3 {[%clk 01:31:39]} {[%emt
00:00:09]} Qc7 {[%clk 01:26:17]} {[%emt 00:03:50]} 7. a3 {[%clk 01:28:01]}
{[%emt 00:04:08]} a6 {[%clk 01:24:22]} {[%emt 00:02:26]} 8. Be3 {[%clk
01:26:51]} {[%emt 00:01:39]} d6 {[%clk 01:18:31]} {[%emt 00:06:21]} 9. Be2
{[%clk 01:26:39]} {[%emt 00:00:41]} Ne5 {[%clk 01:14:26]} {[%emt 00:04:35]} 10.
Rc1 {[%clk 01:23:36]} {[%emt 00:03:34]} b6 {[%clk 01:03:31]} {[%emt 00:11:26]}
11. O-O {[%clk 01:21:07]} {[%emt 00:02:58]} Bb7 {[%clk 01:01:08]} {[%emt
00:02:53]} 12. f3 {[%clk 01:20:54]} {[%emt 00:00:43]} Be7 {[%clk 01:01:04]}
{[%emt 00:00:34]} 13. Qd2 {[%clk 01:17:49]} {[%emt 00:03:35]} O-O {[%clk
01:00:31]} {[%emt 00:01:03]} 14. Na4 {[%clk 01:14:53]} {[%emt 00:03:26]} Rfd8
{[%clk 00:48:59]} {[%emt 00:12:01]} 15. Nc2 {[%clk 01:02:19]} {[%emt 00:13:04]}
Ned7 {[%clk 00:44:44]} {[%emt 00:04:46]} 16. Qb4 {[%clk 00:58:33]} {[%emt
00:04:15]} Bc6 {[%clk 00:29:30]} {[%emt 00:15:44]} 17. Nd4 {[%clk 00:38:26]}
{[%emt 00:20:37]} Rab8 {[%clk 00:28:17]} {[%emt 00:01:43]} 18. Nxc6 {[%clk
00:21:22]} {[%emt 00:17:34]} Qxc6 {[%clk 00:28:40]} {[%emt 00:00:08]} 19. b3
{[%clk 00:15:11]} {[%emt 00:06:41]} Nc5 {[%clk 00:26:37]} {[%emt 00:02:33]} 20.
Nb2 {[%clk 00:14:40]} {[%emt 00:01:00]} Nfd7 {[%clk 00:26:04]} {[%emt
00:01:03]} 21. Bd4 {[%clk 00:12:36]} {[%emt 00:02:35]} Bf6 {[%clk 00:25:56]}
{[%emt 00:00:38]} 22. Bxf6 {[%clk 00:12:45]} {[%emt 00:00:20]} Nxf6 {[%clk
00:26:18]} {[%emt 00:00:08]} 23. Rfd1 {[%clk 00:12:09]} {[%emt 00:01:06]} Nh5
{[%clk 00:24:56]} {[%emt 00:01:52]} 24. Nd3 {[%clk 00:11:47]} {[%emt 00:00:53]}
Nxd3 {[%clk 00:24:15]} {[%emt 00:01:10]} 25. Bxd3 {[%clk 00:12:09]} {[%emt
00:00:09]} Nf4 {[%clk 00:24:34]} {[%emt 00:00:10]} 26. Qd2 {[%clk 00:12:02]}
{[%emt 00:00:37]} e5 {[%clk 00:23:29]} {[%emt 00:01:36]} 27. Bf1 {[%clk
00:09:37]} {[%emt 00:02:54]} 1/2-1/2